[Event "Tarragona Province-chA"]
[Site "L'Hospitalet Infant"]
[Date "2016.11.27"]
[Round "9"]
[White "Chavarria Ferre, Josep"]
[Black "Esplugas Esteve, Vicenc"]
[Result "0-1"]
[WhiteElo "1852"]
[BlackElo "2280"]
[PlyCount "104"]
[EventDate "2016.10.02"]
[EventType "swiss"]
[EventRounds "9"]
[EventCountry "ESP"]
[SourceTitle "EXT 2018"]
[Source "ChessBase"]
[SourceDate "2017.10.13"]
[SourceVersion "1"]
[SourceVersionDate "2017.10.13"]
[SourceQuality "1"]

1. c4 b6 2. Nf3 Bb7 3. g3 Bxf3 4. exf3 c5 5. Bg2 Nc6 6. f4 g6 7. Nc3 Bg7 8. 0-0 Nh6 9. Rb1 0-0 10. d3 Nf5 11. a3 e6 12. Bd2 Rc8 13. b4 d6 14. Nb5 Qe7 15. Bc3 Bxc3 16. Nxc3 Ncd4 17. Re1 Qd7 18. Qd2 Rc7 19. a4 Nc6 20. Na2 Nfd4 21. a5 bxa5 22. bxa5 Rb7 23. a6 Rb6 24. Rxb6 axb6 25. Nc3 Ra8 26. Ra1 Qc8 27. Qb2 Rxa6 28. Rxa6 Qxa6 29. Nb5 Qa5 30. Nxd4 Qe1+ 31. Bf1 Nxd4 32. Kg2 Qb4 33. Qa1 Qa5 34. Qb2 h5 35. h4 Qa8+ 36. Kh2 Qf3 37. Qd2 d5 38. cxd5 exd5 39. Qe3 Qxe3 40. fxe3 Nc2 41. e4 Kf8 42. Be2 Ke7 43. g4 hxg4 44. Bxg4 Kd6 45. Kg3 Ke7 46. Kf2 Nd4 47. h5 Kf8 48. Kg3 Kg7 49. hxg6 fxg6 50. Kh4 Kf6 51. Bh3 Ne2 52. Kg4 Nd4 0-1